Ready player one. (Record no. 1020)

MARC details
000 -LEADER
fixed length control field 01491nam a2200193 a 4500
005 - DATE AND TIME OF LATEST TRANSACTION
control field 20260322212043.0
008 - FIXED-LENGTH DATA ELEMENTS--GENERAL INFORMATION
fixed length control field data
099 ## - LOCAL FREE-TEXT CALL NUMBER (OCLC)
Classification number DVD 1032
001 - CONTROL NUMBER
control field data
245 00 - TITLE STATEMENT
Title Ready player one.
Statement of responsibility, etc. edited by Steven Spielberg, Tye Sheridan & Olivia Cook.
260 ## - PUBLICATION, DISTRIBUTION, ETC.
Place of publication, distribution, etc. Burbank, CA :
Name of publisher, distributor, etc. Warner Bros. Home Entertainment,
Date of publication, distribution, etc. 2018.
300 ## - PHYSICAL DESCRIPTION
Extent 1 videodisc (approximately 140 min.) : sound, color ;
Other physical details 4 3/4 in.
500 ## - GENERAL NOTE
General note Originally released as a motion picture in 2018./ Based on the novel by Ernest Cline./ Wide screen./ Participants: Tye Sheridan, Olivia Cooke, Ben Mendelsohn, Lena Waithe, T.J. Miller, Simon Pegg, Mark Rylance./ Audience: MPAA rating: PG-13; for sequences of sci-fi action violence, bloody images, some suggestive material, partial nudity and language.
520 ## - SUMMARY, ETC.
Summary, etc. It's 2045, with the world on the brink of chaos and collapse, but the people have found salvation in the OASIS, an expansive virtual reality created by the brilliant and eccentric James Halliday. When Halliday dies s, he leaves his immense fortune to the first person to find a digital Easter egg he has hidden somewhere in the OASIS, sparking a contest that grips the entire world. When an unlikely young hero named Wade Watts decides to join the contest, he is hurled into a breakneck, reality bending treasure hunt through a fantastical universe of mystery, discovery and danger.
650 #0 - SUBJECT ADDED ENTRY--TOPICAL TERM
Topical term or geographic name entry element Science fiction films
700 1# - ADDED ENTRY--PERSONAL NAME
Personal name Spielberg, Steven,
Dates associated with a name 1947-
700 1# - ADDED ENTRY--PERSONAL NAME
Personal name Sheridan, Tye
700 1# - ADDED ENTRY--PERSONAL NAME
Personal name Cook, Olivia
Holdings
Withdrawn status Lost status Damaged status Not for loan Home library Current library Shelving location Date acquired Total checkouts Full call number Barcode Date last seen Price effective from Koha item type
        Riverside Riverside General stacks 22/03/2026   GEN BC0011054 22/03/2026 22/03/2026 Books